[Event "NB II. Asztalos csoport"]
[Site "Kalocsa"]
[Date "2023.12.10"]
[Round "3.2"]
[White "Molnar, Krisztian"]
[Black "Remenyi, Szilard"]
[Result "1/2-1/2"]
[WhiteElo "1973"]
[BlackElo "1996"]
[PlyCount "39"]
[EventDate "2023.10.08"]
[EventType "team-tourn"]
[EventRounds "9"]
[EventCountry "HUN"]
[Source "chess.hu"]
[WhiteTeam "Kalocsai SK"]
[BlackTeam "Racalmas-Kiralysakk "]
[WhiteTeamCountry "HUN"]
[BlackTeamCountry "HUN"]

1. Nf3 Nf6 2. c4 c6 3. Nc3 d5 4. cxd5 cxd5 5. d4 Nc6 6. Bf4 a6 7. e3 e6 8. Rc1
Be7 9. h3 O-O 10. Bd3 Qb6 11. Qe2 Bd7 12. O-O Rac8 13. Ne5 Nxe5 14. Bxe5 Qa7
15. Bb1 b5 16. Qd3 g6 17. a3 Bc6 18. f3 Nd7 19. Bg3 Bf6 20. f4 1/2-1/2

[Event "NB II. Asztalos csoport"]
[Site "Kalocsa"]
[Date "2023.12.10"]
[Round "3.4"]
[White "Lukacs, Albert"]
[Black "Remenyi, Lajos Jr"]
[Result "1-0"]
[WhiteElo "1927"]
[BlackElo "1974"]
[PlyCount "55"]
[EventDate "2023.10.08"]
[EventType "team-tourn"]
[EventRounds "9"]
[EventCountry "HUN"]
[Source "chess.hu"]
[WhiteTeam "Kalocsai SK"]
[BlackTeam "Racalmas-Kiralysakk "]
[WhiteTeamCountry "HUN"]
[BlackTeamCountry "HUN"]

1. e3 Nf6 2. d4 g6 3. Nf3 Bg7 4. c4 O-O 5. Bd3 d5 6. O-O dxc4 7. Bxc4 c5 8. Nc3
cxd4 9. exd4 Nc6 10. d5 Na5 11. Be2 e6 12. d6 b6 13. Bg5 Bb7 14. b4 Rc8 15. Rc1
Nc4 16. Nb5 Bxf3 17. gxf3 Ne5 18. Qa4 Qd7 19. Kg2 Nd5 20. Rxc8 Rxc8 21. Rc1
Rxc1 22. Bxc1 Nc6 23. Nxa7 Nb8 24. Qxd7 Nxd7 25. Bb5 N5f6 26. Be3 Bf8 27. Nc8
h5 28. a4 1-0

[Event "NB II. Asztalos csoport"]
[Site "Kalocsa"]
[Date "2023.12.10"]
[Round "3.5"]
[White "Mohacsi, Andras J"]
[Black "Matota, Kornel Dr"]
[Result "1-0"]
[WhiteElo "2095"]
[BlackElo "1910"]
[PlyCount "97"]
[EventDate "2023.10.08"]
[EventType "team-tourn"]
[EventRounds "9"]
[EventCountry "HUN"]
[Source "chess.hu"]
[WhiteTeam "Racalmas-Kiralysakk "]
[BlackTeam "Kalocsai SK"]
[WhiteTeamCountry "HUN"]
[BlackTeamCountry "HUN"]

1. e4 e5 2. Nf3 Nf6 3. Nxe5 d6 4. Nf3 Nxe4 5. d4 d5 6. Bd3 Be7 7. O-O O-O 8. c4
c6 9. Nc3 Nxc3 10. bxc3 Be6 11. Qc2 h6 12. c5 Nd7 13. Re1 b6 14. cxb6 axb6 15.
Bf4 Bf6 16. Qd2 Re8 17. h3 g5 18. Bh2 Ra5 19. Re2 c5 20. Rae1 Nf8 21. h4 c4 22.
Bf5 Bd7 23. Rxe8 Bxe8 24. hxg5 hxg5 25. Be5 Be7 26. Qe2 Bd7 27. Bb1 Bg4 28. Qe3
Rb5 29. Bg3 Bf6 30. Nh2 Bh5 31. f4 Bg6 32. f5 Bh7 33. Ng4 Bg7 34. Qf2 Qd7 35.
Ne3 Bf6 36. Qf3 Qd8 37. a4 Ra5 38. Bc2 Be7 39. Qh5 f6 40. Ng4 Ra7 41. Nh6+ Kg7
42. Qf7+ Kh8 43. Qh5 Kg7 44. Be5 Bd6 45. Qxg5+ Bg6 46. fxg6 Bxe5 47. Nf5+ Kg8
48. Qg4 Bb8 49. g7 1-0

[Event "NB II. Asztalos csoport"]
[Site "Kalocsa"]
[Date "2023.12.10"]
[Round "3.6"]
[White "Bartuszek, Andras"]
[Black "Zelenak, Donat"]
[Result "1-0"]
[WhiteElo "1771"]
[BlackElo "1871"]
[PlyCount "79"]
[EventDate "2023.10.08"]
[EventType "team-tourn"]
[EventRounds "9"]
[EventCountry "HUN"]
[Source "chess.hu"]
[WhiteTeam "Kalocsai SK"]
[BlackTeam "Racalmas-Kiralysakk "]
[WhiteTeamCountry "HUN"]
[BlackTeamCountry "HUN"]

1. e4 c6 2. d4 d5 3. Nd2 dxe4 4. Nxe4 Bf5 5. Ng3 Bg6 6. h4 h6 7. Nf3 Nf6 8. Ne5
Bh7 9. Bd3 Bxd3 10. Qxd3 Nbd7 11. f4 e6 12. Be3 Be7 13. O-O-O Qa5 14. Kb1 O-O
15. Nxd7 Nxd7 16. Ne4 Rad8 17. g4 c5 18. Qe2 cxd4 19. Bxd4 f5 20. Ng5 hxg5 21.
Qxe6+ Rf7 22. hxg5 Nf8 23. Qe2 Rxd4 24. Rxd4 g6 25. gxf5 Qxf5 26. Rh6 Bc5 27.
Re4 b6 28. a3 a5 29. Qh2 Rd7 30. Rh8+ Kf7 31. Re5 Rd1+ 32. Ka2 Qd7 33. f5 Qd6
34. fxg6+ Qxg6 35. Qf4+ Kg7 36. Rxc5 Qe6+ 37. Rc4 Kxh8 38. Qxf8+ Kh7 39. b3 Qe5
40. Qf7+ 1-0

[Event "NB II. Asztalos csoport"]
[Site "Kalocsa"]
[Date "2023.12.10"]
[Round "3.7"]
[White "Zsigmond, Karoly"]
[Black "Kenyeres, Zsolt"]
[Result "0-1"]
[WhiteElo "1857"]
[BlackElo "1486"]
[PlyCount "72"]
[EventDate "2023.10.08"]
[EventType "team-tourn"]
[EventRounds "9"]
[EventCountry "HUN"]
[Source "chess.hu"]
[WhiteTeam "Racalmas-Kiralysakk "]
[BlackTeam "Kalocsai SK"]
[WhiteTeamCountry "HUN"]
[BlackTeamCountry "HUN"]

1. e4 e5 2. Nf3 Nc6 3. Bb5 d6 4. d4 Bd7 5. O-O a6 6. Ba4 Be7 7. c3 Nf6 8. Qe2
b5 9. Bb3 Bg4 10. Rd1 O-O 11. h3 Bh5 12. g4 Bg6 13. Bc2 exd4 14. cxd4 Nb4 15.
Nc3 Nxc2 16. Qxc2 b4 17. g5 bxc3 18. gxf6 Bxf6 19. bxc3 Bh5 20. Rd3 Qc8 21. Kh2
c5 22. d5 Re8 23. Re3 Bg6 24. Nd2 Bg5 25. Re2 Bf4+ 26. Kg2 Qd8 27. Nf1 Be5 28.
Bd2 Qh4 29. f3 Bh5 30. Be1 Qf6 31. Qd3 c4 32. Qe3 Bf4 33. Qf2 Re5 34. Kh1 Qg6
35. Rb1 Rg5 36. Bd2 Bxf3+ 0-1

[Event "NB II. Asztalos csoport"]
[Site "Szentlorinc"]
[Date "2023.12.10"]
[Round "3.1"]
[White "Vrban, Mladen"]
[Black "Horvath, Gabor"]
[Result "1-0"]
[WhiteElo "2263"]
[BlackElo "2251"]
[PlyCount "115"]
[EventDate "2023.10.08"]
[EventType "team-tourn"]
[EventRounds "9"]
[EventCountry "HUN"]
[Source "chess.hu"]
[WhiteTeam "Sakk Egylet Nagyatad"]
[BlackTeam "Szentlorinc"]
[WhiteTeamCountry "HUN"]
[BlackTeamCountry "HUN"]

1. e4 e6 2. d3 d5 3. Nd2 Nf6 4. Ngf3 a5 5. g3 a4 6. a3 Be7 7. Bg2 O-O 8. O-O
Nc6 9. Re1 dxe4 10. Nxe4 Nxe4 11. Rxe4 f5 12. Re1 Bf6 13. c3 e5 14. Qc2 Be6 15.
Be3 Bb3 16. Qd2 h6 17. h4 Ra5 18. Qe2 Re8 19. Nh2 Re7 20. Bd2 Bc2 21. d4 e4 22.
Bf1 Kh8 23. Qh5 Bb3 24. Bf4 Bf7 25. Qd1 g5 26. hxg5 hxg5 27. Bd2 Ra8 28. f3 Qd6
29. fxe4 Qxg3+ 30. Bg2 Nxd4 31. Nf1 Qh4 32. e5 Bxe5 33. Rxe5 Rxe5 34. cxd4
Qxd4+ 35. Be3 Qxd1 36. Rxd1 Kg8 37. Bxg5 c6 38. Bf6 Re6 39. Bc3 Rae8 40. Rd4 b5
41. Rh4 Bg6 42. Ng3 Kf7 43. Kf2 Ke7 44. Bf3 Kd6 45. Ne2 Kc7 46. Nf4 Rd6 47. Rh6
Bf7 48. Ba5+ Kd7 49. Rh7 Re7 50. Bb4 Bd5 51. Rxe7+ Kxe7 52. Nxd5+ cxd5 53. Bxd5
Kd7 54. Bxd6 Kxd6 55. Bf7 Kc5 56. Ke3 b4 57. Kd3 bxa3 58. bxa3 1-0

[Event "NB II. Asztalos csoport"]
[Site "Szentlorinc"]
[Date "2023.12.10"]
[Round "3.2"]
[White "Bihercz, Gabor"]
[Black "Matko, Ognjen"]
[Result "1/2-1/2"]
[WhiteElo "2189"]
[BlackElo "2255"]
[PlyCount "45"]
[EventDate "2023.10.08"]
[EventType "team-tourn"]
[EventRounds "9"]
[EventCountry "HUN"]
[Source "chess.hu"]
[WhiteTeam "Szentlorinc"]
[BlackTeam "Sakk Egylet Nagyatad"]
[WhiteTeamCountry "HUN"]
[BlackTeamCountry "HUN"]

1. d4 g6 2. e4 Bg7 3. Nc3 d6 4. h4 h5 5. Bc4 Nd7 6. Bg5 c6 7. Qd2 b5 8. Bb3 Qb6
9. Nge2 Ngf6 10. f3 a5 11. a4 b4 12. Nd1 Ba6 13. Ne3 Nh7 14. Nc4 Bxc4 15. Bxc4
Nxg5 16. hxg5 c5 17. O-O-O cxd4 18. Nxd4 Rc8 19. Bb5 Qc5 20. Nb3 Qe5 21. Nd4
Qc5 22. Nb3 Qe5 23. Nd4 1/2-1/2

[Event "NB II. Asztalos csoport"]
[Site "Szentlorinc"]
[Date "2023.12.10"]
[Round "3.3"]
[White "Horvath, Attila"]
[Black "Boros, Koppany"]
[Result "1-0"]
[WhiteElo "2121"]
[BlackElo "2159"]
[PlyCount "39"]
[EventDate "2023.10.08"]
[EventType "team-tourn"]
[EventRounds "9"]
[EventCountry "HUN"]
[Source "chess.hu"]
[WhiteTeam "Sakk Egylet Nagyatad"]
[BlackTeam "Szentlorinc"]
[WhiteTeamCountry "HUN"]
[BlackTeamCountry "HUN"]

1. e4 c5 2. c3 d5 3. exd5 Qxd5 4. d4 cxd4 5. cxd4 Nf6 6. Nc3 Qd8 7. Nf3 g6 8.
Bc4 Bg7 9. Qa4+ Nbd7 10. Bxf7+ Kxf7 11. Ng5+ Ke8 12. Ne6 Qb6 13. Qc4 Nh5 14.
Nb5 Ne5 15. Nbc7+ Kd7 16. dxe5 Bxe5 17. Be3 Qxb2 18. Rd1+ Bd6 19. Nc5+ Kd8 20.
Bd4 1-0

[Event "NB II. Asztalos csoport"]
[Site "Szentlorinc"]
[Date "2023.12.10"]
[Round "3.6"]
[White "Kohalmi, Endre Jr"]
[Black "Szijarto, Attila"]
[Result "1-0"]
[WhiteElo "1998"]
[BlackElo "1943"]
[PlyCount "131"]
[EventDate "2023.10.08"]
[EventType "team-tourn"]
[EventRounds "9"]
[EventCountry "HUN"]
[Source "chess.hu"]
[WhiteTeam "Szentlorinc"]
[BlackTeam "Sakk Egylet Nagyatad"]
[WhiteTeamCountry "HUN"]
[BlackTeamCountry "HUN"]

1. d4 Nf6 2. Bf4 d5 3. Nc3 c6 4. e3 g6 5. h4 Bg7 6. h5 Nxh5 7. Rxh5 gxh5 8.
Qxh5 Nd7 9. Bd3 Nf8 10. Nf3 Be6 11. Ng5 Qd7 12. Nxe6 Nxe6 13. Bf5 Kf8 14. Bg3
Qe8 15. O-O-O Kg8 16. Rh1 Nf8 17. Ne2 e6 18. Bd3 f5 19. Qh2 Ng6 20. Ng1 Qf7 21.
Nf3 Bf6 22. Be5 Qg7 23. Qh5 Rf8 24. Rg1 Bxe5 25. dxe5 Rf7 26. Ng5 Re7 27. g4 f4
28. Qh2 Qxe5 29. Qh6 Rg7 30. Kd2 Nf8 31. Nf3 fxe3+ 32. fxe3 Qxb2 33. Nd4 Qb4+
34. c3 Qe7 35. Rf1 Ng6 36. g5 c5 37. Ne2 Ne5 38. Nf4 Nxd3 39. Kxd3 c4+ 40. Ke2
Qxg5 41. Qxe6+ Rf7 42. Qe8+ Rf8 43. Qxf8+ Kxf8 44. Ne6+ Ke7 45. Nxg5 Rg8 46.
Nf3 Kd6 47. Nd4 Rg2+ 48. Rf2 Rxf2+ 49. Kxf2 Ke5 50. Kf3 h5 51. Ne2 b5 52. Nf4
h4 53. Ng6+ Kd6 54. Nxh4 Kc5 55. a3 a5 56. Ke2 b4 57. cxb4+ axb4 58. axb4+ Kxb4
59. Kd2 Kb3 60. Nf3 c3+ 61. Kd3 Kb2 62. Ne1 Kb3 63. Kd4 c2 64. Nxc2 Kxc2 65.
Kxd5 Kd3 66. e4 1-0

[Event "NB II. Asztalos csoport"]
[Site "Szentlorinc"]
[Date "2023.12.10"]
[Round "3.9"]
[White "Bocska, Janos"]
[Black "Bogar, Gabor"]
[Result "1/2-1/2"]
[WhiteElo "1930"]
[BlackElo "1758"]
[PlyCount "87"]
[EventDate "2023.10.08"]
[EventType "team-tourn"]
[EventRounds "9"]
[EventCountry "HUN"]
[Source "chess.hu"]
[WhiteTeam "Sakk Egylet Nagyatad"]
[BlackTeam "Szentlorinc"]
[WhiteTeamCountry "HUN"]
[BlackTeamCountry "HUN"]

1. d4 d5 2. c4 c6 3. Nc3 Nf6 4. Nf3 e6 5. Bg5 Be7 6. e3 Nbd7 7. Bd3 h6 8. Bh4
Nb6 9. c5 Nbd7 10. b4 b6 11. O-O Bb7 12. Re1 O-O 13. Rc1 Re8 14. Bb1 b5 15. Qd3
Nf8 16. Ne5 a5 17. a3 axb4 18. axb4 Ra3 19. Qc2 N6d7 20. Bxe7 Qxe7 21. Nxd7
Qxd7 22. Rcd1 f5 23. f3 e5 24. dxe5 Rxe5 25. e4 d4 26. Ne2 fxe4 27. Rxd4 Rd5
28. Ba2 exf3 29. Bxd5+ cxd5 30. gxf3 Rxf3 31. Ng3 Ne6 32. Rd3 Ng5 33. Rde3 Rxe3
34. Rxe3 d4 35. Rd3 Nh3+ 36. Kf1 Nf4 37. Rd2 d3 38. Qc3 Qd5 39. Ke1 h5 40. Rf2
Ng2+ 41. Rxg2 Qxg2 42. Qxd3 Qg1+ 43. Nf1 Bc6 44. Qh3 1/2-1/2

[Event "NB II. Asztalos csoport"]
[Site "Szentlorinc"]
[Date "2023.12.10"]
[Round "3.10"]
[White "Konya, Attila"]
[Black "Ehrbar, Tibor"]
[Result "1/2-1/2"]
[WhiteElo "1728"]
[BlackElo "1818"]
[PlyCount "34"]
[EventDate "2023.10.08"]
[EventType "team-tourn"]
[EventRounds "9"]
[EventCountry "HUN"]
[Source "chess.hu"]
[WhiteTeam "Szentlorinc"]
[BlackTeam "Sakk Egylet Nagyatad"]
[WhiteTeamCountry "HUN"]
[BlackTeamCountry "HUN"]

1. e4 c5 2. Nf3 d6 3. d4 cxd4 4. Nxd4 Nf6 5. Nc3 a6 6. f3 e5 7. Nb3 Be6 8. Be3
Be7 9. Qd2 Nc6 10. Nd5 Bxd5 11. exd5 Nb8 12. O-O-O Nbd7 13. Kb1 Qc7 14. c4 b6
15. g4 Nc5 16. h4 Nfd7 17. Be2 O-O-O 1/2-1/2

[Event "NB II. Asztalos csoport"]
[Site "Szentlorinc"]
[Date "2023.12.10"]
[Round "3.11"]
[White "Szarka, Rego"]
[Black "Antal, Daniel"]
[Result "1-0"]
[WhiteElo "1304"]
[BlackElo "1498"]
[PlyCount "117"]
[EventDate "2023.10.08"]
[EventType "team-tourn"]
[EventRounds "9"]
[EventCountry "HUN"]
[Source "chess.hu"]
[WhiteTeam "Sakk Egylet Nagyatad"]
[BlackTeam "Szentlorinc"]
[WhiteTeamCountry "HUN"]
[BlackTeamCountry "HUN"]

1. e4 e6 2. Nf3 d5 3. exd5 exd5 4. d4 Bd6 5. Be3 Bg4 6. Nbd2 Nd7 7. c3 c6 8. h3
Bf5 9. c4 Ngf6 10. c5 Bc7 11. Nb3 O-O 12. Be2 Re8 13. O-O Ne4 14. Bd3 Ndf6 15.
Ng5 h6 16. Nxe4 Bxe4 17. Bxe4 Nxe4 18. Qg4 Qf6 19. Nc1 Qe6 20. Qxe6 Rxe6 21.
Ne2 g5 22. a3 Rae8 23. Nc3 f5 24. Rae1 Ng3 25. fxg3 Rxe3 26. Rxe3 Rxe3 27. Rxf5
Bxg3 28. Rf3 Bf4 29. Kf2 Rxf3+ 30. Kxf3 Bc1 31. Nd1 Kf7 32. a4 Bd2 33. Nf2 h5
34. Nd3 Kf6 35. Ke2 Bf4 36. Nxf4 gxf4 37. Kf3 Kg5 38. h4+ Kf5 39. a5 a6 40. b3
Kg6 41. Kxf4 Kf6 42. b4 Kg6 43. Ke5 Kh7 44. Kf6 Kh6 45. g3 Kh7 46. Kg5 Kg7 47.
Kxh5 Kh7 48. Kg5 Kg7 49. Kf5 Kf7 50. g4 Ke7 51. g5 Kf7 52. g6+ Kg7 53. Kg5 Kg8
54. Kf6 Kf8 55. g7+ Kg8 56. Kg6 b6 57. axb6 a5 58. b7 axb4 59. b8=Q# 1-0

[Event "NB II. Asztalos csoport"]
[Site "Komlo"]
[Date "2023.12.10"]
[Round "3.1"]
[White "Kele, Karoly"]
[Black "Juhasz, Zoltan"]
[Result "1/2-1/2"]
[WhiteElo "2042"]
[BlackElo "2023"]
[PlyCount "101"]
[EventDate "2023.10.08"]
[EventType "team-tourn"]
[EventRounds "9"]
[EventCountry "HUN"]
[Source "chess.hu"]
[WhiteTeam "Karmin PSSE"]
[BlackTeam "Komloi BSK"]
[WhiteTeamCountry "HUN"]
[BlackTeamCountry "HUN"]

1. e4 e6 2. d4 d5 3. Nd2 Nf6 4. e5 Nfd7 5. Bd3 c5 6. c3 Nc6 7. Ne2 cxd4 8. cxd4
f6 9. exf6 Nxf6 10. O-O Bd6 11. Nf3 O-O 12. Bg5 Bd7 13. Rc1 a6 14. Bb1 Be8 15.
Qd3 Bg6 16. Qe3 Bxb1 17. Rxb1 Qd7 18. h3 Ne4 19. Bf4 Bxf4 20. Nxf4 Qd6 21. Nd3
Nb4 22. Nxb4 Qxb4 23. a3 Qd6 24. Ne5 Rac8 25. Rbc1 Rc7 26. Rxc7 Qxc7 27. Rc1
Qe7 28. f3 Nd6 29. g4 Rc8 30. Rxc8+ Nxc8 31. Qc3 Qd8 32. Qc5 g6 33. Kg2 Nd6 34.
Kg3 Nf7 35. Nxf7 Kxf7 36. h4 h6 37. Qc1 g5 38. hxg5 hxg5 39. f4 Qh8 40. Qc7+
Kg6 41. Qc2+ Kf6 42. fxg5+ Kxg5 43. Qd2+ Kg6 44. Qe3 Qf6 45. Qf4 Qe7 46. Qe5 b5
47. Qh5+ Kg7 48. g5 e5 49. Qh6+ Kg8 50. Qg6+ Kh8 51. Qh6+ 1/2-1/2

[Event "NB II. Asztalos csoport"]
[Site "Komlo"]
[Date "2023.12.10"]
[Round "3.2"]
[White "Nemeth, Attila Janos"]
[Black "Hrubos, Viktor"]
[Result "0-1"]
[WhiteElo "1924"]
[BlackElo "1912"]
[PlyCount "100"]
[EventDate "2023.10.08"]
[EventType "team-tourn"]
[EventRounds "9"]
[EventCountry "HUN"]
[Source "chess.hu"]
[WhiteTeam "Komloi BSK"]
[BlackTeam "Karmin PSSE"]
[WhiteTeamCountry "HUN"]
[BlackTeamCountry "HUN"]

1. d4 Nf6 2. c4 d6 3. Nc3 Nbd7 4. e4 e5 5. d5 a5 6. f3 h5 7. Be3 b6 8. a3 Nc5
9. g3 Be7 10. b4 Nb7 11. Nh3 Bd7 12. Nf2 Rc8 13. Be2 c6 14. Qd2 axb4 15. axb4
c5 16. bxc5 Nxc5 17. Qb2 O-O 18. O-O h4 19. f4 exf4 20. gxf4 Kh7 21. e5 Ng8 22.
Bd4 Nh6 23. Nce4 Nf5 24. exd6 Bxd6 25. Nxd6 Nxd6 26. Kh1 Nf5 27. Bxc5 bxc5 28.
Bd3 Kh8 29. Rg1 f6 30. Ra7 Nd4 31. Ne4 Nf3 32. Rg6 Rc7 33. Rxc7 Qxc7 34. d6 Qa7
35. Qc3 Bf5 36. Rg2 Re8 37. Re2 Nd4 38. d7 Bxd7 39. Rg2 Bc6 40. Qe1 Nf3 41. Qd1
Rxe4 42. Bxe4 Bxe4 43. Re2 Qa8 44. Re3 Kh7 45. h3 Kh6 46. f5 Qb8 47. Rxf3 Qg3
48. Qd2+ Qg5 49. Qf2 Qf4 50. Kg2 Kg5 0-1

[Event "NB II. Asztalos csoport"]
[Site "Komlo"]
[Date "2023.12.10"]
[Round "3.3"]
[White "Rein, Viktor"]
[Black "Bator, Balazs"]
[Result "1-0"]
[WhiteElo "1924"]
[BlackElo "1959"]
[PlyCount "62"]
[EventDate "2023.10.08"]
[EventType "team-tourn"]
[EventRounds "9"]
[EventCountry "HUN"]
[Source "chess.hu"]
[WhiteTeam "Karmin PSSE"]
[BlackTeam "Komloi BSK"]
[WhiteTeamCountry "HUN"]
[BlackTeamCountry "HUN"]

1. d4 Nf6 2. c4 e6 3. a3 d5 4. Nc3 Be7 5. Bg5 Nbd7 6. e3 O-O 7. Nf3 c6 8. cxd5
exd5 9. Bd3 Ne4 10. Bxe7 Qxe7 11. O-O f5 12. Ne2 g5 13. Nd2 Ndf6 14. Nxe4 fxe4
15. Bc2 h5 16. Qd2 h4 17. h3 Nh5 18. f3 exf3 19. Rxf3 Rxf3 20. gxf3 Bxh3 21.
Kh2 Bd7 22. Rg1 Rf8 23. e4 g4 24. fxg4 Rf2+ 25. Rg2 Rxg2+ 26. Kxg2 Bxg4 27. e5
Qg7 28. Kf1 Bf3 29. Ng1 Ng3+ 30. Ke1 Ne4 31. Qh2 Bh5 1-0

[Event "NB II. Asztalos csoport"]
[Site "Komlo"]
[Date "2023.12.10"]
[Round "3.4"]
[White "Szaz, Ferenc"]
[Black "Albrecht, Akos"]
[Result "1/2-1/2"]
[WhiteElo "1898"]
[BlackElo "1863"]
[PlyCount "119"]
[EventDate "2023.10.08"]
[EventType "team-tourn"]
[EventRounds "9"]
[EventCountry "HUN"]
[Source "chess.hu"]
[WhiteTeam "Komloi BSK"]
[BlackTeam "Karmin PSSE"]
[WhiteTeamCountry "HUN"]
[BlackTeamCountry "HUN"]

1. d4 d5 2. c4 e6 3. Nf3 Nf6 4. Bg5 dxc4 5. Qa4+ Nbd7 6. Bxf6 Qxf6 7. Qxc4 c5
8. Nc3 a6 9. Ne4 Qf4 10. dxc5 Nxc5 11. Ned2 Qxc4 12. Nxc4 Nd7 13. g3 b5 14.
Ncd2 Bb7 15. Bg2 Rc8 16. Kd1 Bc5 17. e3 O-O 18. Rg1 Rfd8 19. Rc1 Nb6 20. Ke2
Be7 21. Nh4 Bxg2 22. Nxg2 Na4 23. Nb3 Nxb2 24. Rxc8 Rxc8 25. Rc1 Rxc1 26. Nxc1
Na4 27. Kd3 e5 28. f4 Nc5+ 29. Kc3 exf4 30. exf4 Ne4+ 31. Kd4 f5 32. Ke5 Nc3
33. Ne1 Ba3 34. Ned3 g6 35. Ke6 a5 36. Kd7 b4 37. Kc6 Bxc1 38. Nxc1 a4 39. Nd3
Nxa2 40. Kb5 Nc1 41. Nxb4 a3 42. Nc2 a2 43. Kc4 Kg7 44. Kc3 Kh6 45. Kb2 a1=Q+
46. Nxa1 Ne2 47. Kc2 Nd4+ 48. Kd3 Nf3 49. h3 Ng1 50. Ke3 Nxh3 51. Kf3 Kh5 52.
Nc2 g5 53. fxg5 Nxg5+ 54. Kf4 Kg6 55. Nd4 Nh3+ 56. Ke5 Kg5 57. Nxf5 Kg4 58. Kf6
h5 59. Ng7 Kxg3 60. Nxh5+ 1/2-1/2

[Event "NB II. Asztalos csoport"]
[Site "Komlo"]
[Date "2023.12.10"]
[Round "3.5"]
[White "Katona, Peter"]
[Black "Varga, Miklos"]
[Result "0-1"]
[WhiteElo "1832"]
[BlackElo "1888"]
[PlyCount "44"]
[EventDate "2023.10.08"]
[EventType "team-tourn"]
[EventRounds "9"]
[EventCountry "HUN"]
[Source "chess.hu"]
[WhiteTeam "Karmin PSSE"]
[BlackTeam "Komloi BSK"]
[WhiteTeamCountry "HUN"]
[BlackTeamCountry "HUN"]

1. e4 c5 2. Nf3 Nc6 3. d4 cxd4 4. Nxd4 Nf6 5. Nc3 g6 6. Be3 Bg7 7. Bc4 O-O 8.
Qd2 Ng4 9. O-O-O Nxe3 10. fxe3 a6 11. g4 Ne5 12. Be2 d6 13. Rdg1 b5 14. h4 Bb7
15. Bd3 Rc8 16. Kb1 h6 17. Nd5 e6 18. Nf4 Qe7 19. g5 Nxd3 20. Ndxe6 Nxf4 21.
Nxf8 Bxe4 22. Nxg6 Nxg6 0-1

[Event "NB II. Asztalos csoport"]
[Site "Komlo"]
[Date "2023.12.10"]
[Round "3.6"]
[White "Pater, Peter"]
[Black "Mitric, Milutin"]
[Result "1-0"]
[WhiteElo "1795"]
[BlackElo "1740"]
[PlyCount "105"]
[EventDate "2023.10.08"]
[EventType "team-tourn"]
[EventRounds "9"]
[EventCountry "HUN"]
[Source "chess.hu"]
[WhiteTeam "Komloi BSK"]
[BlackTeam "Karmin PSSE"]
[WhiteTeamCountry "HUN"]
[BlackTeamCountry "HUN"]

1. d4 Nf6 2. c4 e5 3. dxe5 Ng4 4. Bf4 Nc6 5. Nf3 Bb4+ 6. Nbd2 Qe7 7. e3 Ngxe5
8. Nxe5 Nxe5 9. Be2 a5 10. O-O O-O 11. Nb3 a4 12. a3 axb3 13. axb4 Rxa1 14.
Qxa1 d6 15. Qa4 Be6 16. b5 Nd7 17. Qxb3 Nc5 18. Qa3 b6 19. Qa7 Rc8 20. b4 Ne4
21. Bd3 Nf6 22. h3 Nh5 23. Bh2 Qg5 24. Kh1 Qh4 25. Qb7 Qd8 26. Rd1 Qf8 27. Ra1
f5 28. Be2 Nf6 29. Kg1 Ne4 30. Bd3 Qf6 31. Ra8 Rxa8 32. Qxa8+ Kf7 33. Bxe4 fxe4
34. Bg3 Bf5 35. Qc6 Qe7 36. c5 dxc5 37. Bxc7 cxb4 38. Bxb6 Bd7 39. Qc4+ Kg6 40.
Bc5 Qe8 41. b6 Bc6 42. Qxb4 Qd7 43. Bd4 h6 44. Qc5 Kh7 45. Qe5 Kg8 46. Kf1 Bd5
47. Ke1 Qb7 48. Kd2 Kf8 49. Qd6+ Kg8 50. Qc7 h5 51. Bxg7 Qa8 52. Bb2 Bf7 53. b7
1-0

[Event "NB II. Asztalos csoport"]
[Site "Komlo"]
[Date "2023.12.10"]
[Round "3.7"]
[White "Feher, Laszlo"]
[Black "Gyorgy, Gergely"]
[Result "1/2-1/2"]
[WhiteElo "1637"]
[BlackElo "1715"]
[PlyCount "64"]
[EventDate "2023.10.08"]
[EventType "team-tourn"]
[EventRounds "9"]
[EventCountry "HUN"]
[Source "chess.hu"]
[WhiteTeam "Karmin PSSE"]
[BlackTeam "Komloi BSK"]
[WhiteTeamCountry "HUN"]
[BlackTeamCountry "HUN"]

1. e4 c5 2. d4 cxd4 3. c3 dxc3 4. Nxc3 e6 5. Nf3 a6 6. Bc4 Qc7 7. Qe2 Bc5 8.
O-O Ne7 9. Rd1 O-O 10. Bd2 b5 11. Bb3 Nbc6 12. Rac1 Ba7 13. Bg5 f6 14. Bh4 Kh8
15. Nd5 Qd8 16. Nxe7 Qxe7 17. Qd3 e5 18. a4 Rb8 19. axb5 axb5 20. Bd5 Nd4 21.
Nxd4 Bxd4 22. Rc2 Qb4 23. Kh1 Bb7 24. Bxb7 Rxb7 25. f3 h6 26. Be1 Qe7 27. Qb3
Ra8 28. Bb4 d6 29. Qd5 Bc5 30. Bxc5 dxc5 31. Qxc5 Rd7 32. Rdc1 Rad8 1/2-1/2

[Event "NB II. Asztalos csoport"]
[Site "Komlo"]
[Date "2023.12.10"]
[Round "3.8"]
[White "Koncsag, Sandor"]
[Black "Nagy, Peter"]
[Result "1/2-1/2"]
[WhiteElo "1654"]
[BlackElo "1720"]
[PlyCount "51"]
[EventDate "2023.10.08"]
[EventType "team-tourn"]
[EventRounds "9"]
[EventCountry "HUN"]
[Source "chess.hu"]
[WhiteTeam "Komloi BSK"]
[BlackTeam "Karmin PSSE"]
[WhiteTeamCountry "HUN"]
[BlackTeamCountry "HUN"]

1. d4 Nf6 2. c4 e6 3. Nc3 Bb4 4. Qc2 O-O 5. Nf3 c5 6. a3 cxd4 7. Nxd4 Be7 8. e3
b6 9. Be2 Bb7 10. Bf3 Nc6 11. Nxc6 Bxc6 12. Bxc6 dxc6 13. O-O Qc7 14. Ne4 Rfd8
15. Ng3 Rd7 16. Rd1 Rad8 17. Rxd7 Qxd7 18. Kf1 h5 19. Ke2 h4 20. Nf1 Ng4 21. h3
Ne5 22. Bd2 Bf6 23. Rd1 Qe7 24. Bb4 c5 25. Rxd8+ Qxd8 26. Be1 1/2-1/2

[Event "NB II. Asztalos csoport"]
[Site "Komlo"]
[Date "2023.12.10"]
[Round "3.9"]
[White "Pinter, Szabolcs Peter"]
[Black "Kis Katos, Janos"]
[Result "1-0"]
[WhiteElo "1670"]
[BlackElo "1710"]
[PlyCount "71"]
[EventDate "2023.10.08"]
[EventType "team-tourn"]
[EventRounds "9"]
[EventCountry "HUN"]
[Source "chess.hu"]
[WhiteTeam "Karmin PSSE"]
[BlackTeam "Komloi BSK"]
[WhiteTeamCountry "HUN"]
[BlackTeamCountry "HUN"]

1. c4 e5 2. Nc3 Nf6 3. Nf3 Nc6 4. g3 h6 5. Bg2 Be7 6. O-O d6 7. a3 O-O 8. b4
Nd4 9. e3 Nxf3+ 10. Bxf3 c6 11. d4 a5 12. b5 Bd7 13. Rb1 Rc8 14. Bd2 Re8 15.
Na4 e4 16. Bg2 d5 17. c5 cxb5 18. Nb6 Bg4 19. f3 exf3 20. Bxf3 Bxf3 21. Qxf3 b4
22. Nxc8 Qxc8 23. axb4 axb4 24. Rxb4 Bf8 25. Rb6 Re6 26. Rxe6 Qxe6 27. Ba5 Ne4
28. Qf5 Be7 29. Qxe6 fxe6 30. Rb1 Bg5 31. Rb3 h5 32. Be1 Kh7 33. Bf2 Nd2 34.
Rxb7 Kg6 35. c6 Ne4 36. c7 1-0

[Event "NB II. Asztalos csoport"]
[Site "Komlo"]
[Date "2023.12.10"]
[Round "3.10"]
[White "Grunwald, Geza Dr"]
[Black "Roszjar, Szabolcs"]
[Result "0-1"]
[WhiteElo "1693"]
[BlackElo "1546"]
[PlyCount "48"]
[EventDate "2023.10.08"]
[EventType "team-tourn"]
[EventRounds "9"]
[EventCountry "HUN"]
[Source "chess.hu"]
[WhiteTeam "Komloi BSK"]
[BlackTeam "Karmin PSSE"]
[WhiteTeamCountry "HUN"]
[BlackTeamCountry "HUN"]

1. d4 Nf6 2. c4 g6 3. Nc3 Bg7 4. e4 d6 5. f4 c6 6. Be2 Qa5 7. Bd2 Qb6 8. e5 Ng8
9. Nf3 Bg4 10. Na4 Qc7 11. h3 Bxf3 12. Bxf3 Nh6 13. g4 Nd7 14. Nc3 Qb6 15. exd6
Qxd4 16. Qe2 Qxd6 17. Rd1 e6 18. Ne4 Qc7 19. c5 O-O 20. f5 exf5 21. Bxh6 fxe4
22. Qd2 Qg3+ 23. Qf2 Qxf2+ 24. Kxf2 Bxh6 0-1